000 00744nam a2200205Ia 4500
003 GCL
008 140319s9999 xx 000 0 ara d
040 _aGCL /
_cGCL
082 0 4 _a953.809
_bهـ م
100 1 _aالهيئة المصرية العامة للكتاب
245 1 0 _aالملتقى الاسلامى العالمى للافراج عن الاسرى والمحتجزين لدى سجون النظام العراقى /
_cالهيئة المصرية العامة للكتاب
300 _a157 ص
490 _a
650 0 4 _aالكويت
650 0 4 _aالتاريخ
650 0 4 _aحرب الخليج
650 0 4 _aالكويت - تاريخ
650 0 4 _aالاعتداء العراقى على الكويت
942 _2ddc
_cBK
999 _c52255
_d52255